000 00890nam a22002897a 4500
001 BR8802008
003 BR-BrBNA
005 20230928092902.0
007 ta
008 230509b bl.||||| |||| 00| 0 por d
040 _aBR-BrBNA
_bpor
_cBiblioteca Nacional de Agricultura
041 _a(Por)
072 _aC20; E14
_b/G514
090 _ C20 BR8802008
100 1 _aRodrigues, M.S.C.
100 1 _aSantos, J.B.F. dos
110 1 _aEmpresa de Assistencia Tecnica e Extensao Rural do Ceara, Fortaleza (Brasil)
245 1 _aEncontros sobre planejamento em extensao rural - 1984 (Relatorio final), n. 11
246 1 _a[Meetings about planning in extension activities]
260 3 _aFortaleza, CE (Brasil):
_c1985.
300 _a18 p.
650 _aEXTENSAO RURAL
650 _aPLANEJAMENTO AGRICOLA
650 _aCEARA
909 _a202309
_bLucia
_c55
_dLucia Elande
942 _cBK
999 _c41778
_d41778